000 00769cpcaa2200241 4500
001 mm 79001327
003 DLC
005 20260227111635.0
008 790503|||||||||||| eng
010 _amm 79001327
040 _aDLC
_cDLC
_edacs
_dDLC
072 7 _aC
_2lcmd
100 1 _aEdwards, Pierpont,
_d1750-1826.
245 0 0 _aPierpont Edwards correspondence,
_f1791-1801.
300 _a2
_fitems.
506 0 _aOpen to research.
545 0 _aJurist.
546 _aCollection material in English.
580 _aForms part of: Miscellaneous Manuscripts collection.
656 7 _aJurists.
_2itoamc
999 _c40705
_d40705